000 00433nam a2200193Ia 4500
005 20240823043736.0
008 240823s9999||||xx |||||||||||||| ||und||
020 _a1-890771-80-5
041 _aENGLISH
082 _A796.35709794 P4
100 _aKevin Nelson
245 4 _aThe Golden Game
250 _a1st
260 _c2004
_bHeyday
500 _aTRANSFERED
650 _aStory
_bEnglish
942 _cBK
999 _c210935
_d210935